02941nam a2200409Ia 450000500170000000800410001702000150005808200190007310000280009224501650012025000230028530000290030850001250033750502720046265000330073465000450076765000410081270000370085394200120089026400270090233600270092933700330095633800280098904000350101799900150105295201280106795201290119595201300132495201300145495201320158495201330171695201510184995201310200095201330213195201330226495201340239720220317000129.0141031s9999 xx 000 0 und d a9586440850 a303.6861bG65v10aGonzález, Fernán E.10aViolencia política en Colombia : de la nación fragmentada a la construcción del Estado c Fernán E. González, Ingrid J. Bolívar, Teófilo Vázquez a1a ed., 5a reimpr. a336 páginas e1 CD ROM aEl CD-ROM tiene como titulo: Violencia política en Colombia. Consultar el CD-ROM bajo clasificación: 303.6861 / G65v aHacia una mirada más compleja de la violencia de los años cincuenta -- La dinámica del conflicto en la década del 90 -- Dos historias en contravía : las FARC y las AUC -- Tendencias nacionales del accionar de los actores armados -- La geografía de la guer14a Violencia 2LEMBzColombia 14a Violencia política 2LEMBz Colombia 14a Violencia social 2LEMBz Colombia 10aBolívar, Ingrid Johanna916639 2ddccBK aBogotá bCINEPc2007 atextobtxt2rdacontent asin mediaciónbn2rdamedia avolumenbnc2rdacarrier aCO-BoRNBPbspaerdacCO-BoRNBP c3182d3182 00102ddc4070aMEPRICObMEPRICOcGENd2022-12-05l0o3036861 G65vpPROOOOOO121r2022-12-05 00:00:00tEj.1w2022-12-05yBK 00102ddc40708GENaMEPRICObMEPRICOcGENd2022-12-05o3036861 G89vpPR00000124r2022-12-05 00:00:00tEj.1w2022-12-05yBK 00102ddc40708GENaMEDORADObMEDORADOcGENd2022-12-12o303.6861 G65vpDOR00141r2022-12-12 00:00:00tEj.1w2022-12-12yBK 00102ddc40708GENaMEMAPIRIbMEMAPIRIcGENd2023-03-17l0o303.6861pMAP0000153r2023-03-17 00:00:00tEj.1w2023-03-17yBK 00102ddc40708GENaMESMARTIbMESMARTIcGENd2023-03-29l0o303.6861 G65vpSM00987r2023-03-29 00:00:00tEj.1w2023-03-29yBK 00102ddc40708GENaMEBAUPIAbMEBAUPIAcGENd2023-10-17l0o303.6861 G65vpBUP01115r2023-10-17 14:23:34tEj.1w2023-10-17yBK 00102ddc40708GENaMECUMARAbMECUMARAcLITd2024-05-14fSALA GENERAL 3Al0o303.6863G65vpMECUM00088r2024-05-14 13:58:00tEj.1w2024-05-14yBK 00102ddc40708GENaMEURIBEbMEURIBEcGENd2024-07-10l0o303.6861 G65vpURI00206r2024-07-10 17:56:04tEj.1w2024-07-10yBK 00102ddc40708GENaMEACACIAbMEACACIAcGENd2025-03-07l0o303.6861 G65vpACA01550r2025-03-07 08:00:29tEj.1w2025-03-07yBK 00102ddc40708GENaMEPLOPEZbMEPLOPEZcGENd2025-04-10l0o303.6861 G65vpPLZ00220r2025-04-10 15:45:23tEj.1w2025-04-10yBK 00102lcc40708GENaMEPCONCObMEPCONCOcGENd2026-02-02l0o303.6861 G65vpPCON00509r2026-02-02 19:26:35tEj.1w2026-02-02yBK